| 000 | 00317nam a22000977a 4500 | ||
|---|---|---|---|
| 999 |
_c24788 _d24788 |
||
| 003 | Nust | ||
| 005 | 20170407161637.0 | ||
| 008 | 150422b xxu||||| |||| 00| 0 eng d | ||
| 020 |
_a9788177581232 _cAvailable |
||
| 040 |
_aDLC _bDLC _cRCMS |
||
| 082 |
_24th, ed. _a621.4 SHA |
||
| 100 | _aIrving H. Shames | ||
| 245 | _aEngineering Mechanics Statics and Dynamics | ||
| 250 | _aFourth Edition | ||
| 260 |
_aIndia _bDorling Kindersley Pvt Ltd _cc2006. |
||
| 300 |
_axviii, 840 p. : _bill, ; _c26 cm. |
||
| 538 | _iShelf # 12, Row # 3, System Engineering. | ||
| 650 | _aSystem Engineering | ||
| 856 | _3Table of Contents Only. | ||
| 942 |
_2ddc _cBK _e4th, ed. _k621.4 SHA |
||